The cat in the hat / (Record no. 29415)
[ view plain ]
| 000 -LEADER | |
|---|---|
| fixed length control field | 01204cam a2200349Ia 4500 |
| 001 - CONTROL NUMBER | |
| control field | 31961987 |
| 003 - CONTROL NUMBER IDENTIFIER | |
| control field | OCoLC |
| 005 - DATE AND TIME OF LATEST TRANSACTION | |
| control field | 20240403103016.0 |
| 008 - FIXED-LENGTH DATA ELEMENTS--GENERAL INFORMATION | |
| fixed length control field | 950209s1957 nyua j 000 0 eng d |
| 010 ## - LIBRARY OF CONGRESS CONTROL NUMBER | |
| LC control number | 56005470 |
| 020 ## - INTERNATIONAL STANDARD BOOK NUMBER | |
| International Standard Book Number | 039480001X |
| 020 ## - INTERNATIONAL STANDARD BOOK NUMBER | |
| International Standard Book Number | 9780394800011 |
| 020 ## - INTERNATIONAL STANDARD BOOK NUMBER | |
| International Standard Book Number | 9780394816265 |
| 020 ## - INTERNATIONAL STANDARD BOOK NUMBER | |
| International Standard Book Number | 0394900014 |
| 040 ## - CATALOGING SOURCE | |
| Original cataloging agency | CTM |
| Transcribing agency | CTM |
| Modifying agency | TMI |
| -- | CMI |
| -- | OCLCQ |
| -- | BAKER |
| -- | SX@ |
| 049 ## - LOCAL HOLDINGS (OCLC) | |
| Holding library | SX@A |
| 099 ## - LOCAL FREE-TEXT CALL NUMBER (OCLC) | |
| Classification number | Seuss, D. |
| 100 1# - MAIN ENTRY--PERSONAL NAME | |
| Personal name | Seuss, |
| Titles and words associated with a name | Dr. |
| 245 14 - TITLE STATEMENT | |
| Title | The cat in the hat / |
| Statement of responsibility, etc. | by Dr. Seuss. |
| 250 ## - EDITION STATEMENT | |
| Edition statement | Book Club ed. |
| 260 ## - PUBLICATION, DISTRIBUTION, ETC. (IMPRINT) | |
| Place of publication, distribution, etc. | [New York] : |
| Name of publisher, distributor, etc. | Random House, |
| Date of publication, distribution, etc. | c1957. |
| 300 ## - PHYSICAL DESCRIPTION | |
| Extent | 61 pages : |
| Other physical details | color illustrations ; |
| Dimensions | 23 cm. |
| 490 1# - SERIES STATEMENT | |
| Series statement | Beginner books. I can read it all by myself. |
| 520 ## - SUMMARY, ETC. | |
| Summary, etc. | Two children sitting at home on a rainy day are visited by the Cat in the Hat, who shows them some tricks and games. |
| 521 8# - TARGET AUDIENCE NOTE | |
| Target audience note | 430L |
| Source | Lexile. |
| 521 3# - TARGET AUDIENCE NOTE | |
| Target audience note | Decoding demand: 8 (very low) |
| -- | Semantic demand: 42 (medium) |
| -- | Syntactic demand: 44 (medium) |
| -- | Structure demand: 73 (high) |
| Source | Lexile. |
| 526 0# - STUDY PROGRAM INFORMATION NOTE | |
| Program name | Accelerated Reader AR |
| Interest level | LG |
| Reading level | 2.1 |
| Title point value | 0.5 |
| Public note | 6107. |
| 590 ## - LOCAL NOTE (RLIN) | |
| Local note | aj11/14. |
| 650 #0 - SUBJECT ADDED ENTRY--TOPICAL TERM | |
| Topical term or geographic name as entry element | Stories in rhyme. |
| 830 #0 - SERIES ADDED ENTRY--UNIFORM TITLE | |
| Uniform title | Beginner books. |
| Name of part/section of a work | I can read it all by myself. |
| 942 ## - ADDED ENTRY ELEMENTS (KOHA) | |
| Koha item type | Libro/Book |
| Withdrawn status | Lost status | Damaged status | Not for loan | Home library | Current library | Shelving location | Date acquired | Total Checkouts | Full call number | Barcode | Checked out | Date last seen | Date checked out | Price effective from | Koha item type |
|---|---|---|---|---|---|---|---|---|---|---|---|---|---|---|---|
| San Juan Del Sur -- Biblioteca | San Juan Del Sur -- Biblioteca | Children's Area | 03/04/2024 | 1 | JI INGLES | 30028945 | 26/08/2024 | 19/08/2024 | 19/08/2024 | 03/04/2024 | Libro/Book | ||||
| San Juan Del Sur -- Biblioteca | San Juan Del Sur -- Biblioteca | Children's Area | 19/11/2025 | 2 | JFI | 30023548 | 11/05/2026 | 06/04/2026 | 06/04/2026 | 19/11/2025 | Libro/Book |